[Event "73. Deutsche Meisterschaft"]
[Site "Altenkirchen"]
[Date "2001.12.08"]
[Round "9"]
[White "Schramm, Christian"]
[Black "Bruehl, Andreas"]
[Result "1/2-1/2"]
[WhiteElo "2359"]
[BlackElo "2277"]
[Annotator "Bruehl"]
[PlyCount "42"]


1. e4 e5 2. Nf3 Nc6 3. Bc4 Nf6 4. d3 Bc5 5. O-O d6 6. c3 Bb6 7. Bb3 Be6 8. Ba4
O-O 9. Qe2 Ne7 10. d4 Ng6 11. Rd1 Qe7 12. Nbd2 Bg4 13. dxe5 Nxe5 14. Re1 Nh5
15. Qf1 Bxf3 16. Nxf3 Nxf3+ 17. gxf3 Qh4 18. Qg2 Nf4 19. Qg3 Qxg3+ (19... Nh3+
20. Kg2 Bxf2 21. Qxh4 Bxh4 22. Kxh3 Bxe1 23. Be3) 20. hxg3 Nd3 21. Re2 Nxc1
1/2-1/2

[Event "73. Deutsche Meisterschaft"]
[Site "Altenkirchen"]
[Date "2001.12.08"]
[Round "9"]
[White "Slobodjan, Roman"]
[Black "Jussupow, Artur"]
[Result "0-1"]
[WhiteElo "2522"]
[BlackElo "2633"]
[PlyCount "90"]


1. e4 e5 2. Nf3 Nc6 3. Bb5 a6 4. Bxc6 dxc6 5. d4 exd4 6. Qxd4 Qxd4 7. Nxd4 Bd7
8. Nc3 O-O-O 9. Be3 g6 10. O-O-O Bg7 11. Nde2 Ne7 12. Bd4 f6 13. Kb1 b6 14. f3
c5 15. Bf2 Be6 16. Rxd8+ Rxd8 17. Rd1 Rxd1+ 18. Nxd1 Kd7 19. Ne3 f5 20. exf5
Nxf5 21. Nxf5 Bxf5 22. Be1 Be6 23. Ng3 h5 24. h4 Be5 25. Nf1 b5 26. Ne3 Kd6 27.
c3 c4 28. Kc2 c5 29. a3 Kc6 30. Bf2 a5 31. Be1 Bf4 32. Nf1 Bf5+ 33. Kd1 Bd3 34.
Nd2 Kd5 35. Bf2 b4 36. Ke1 Be5 37. Ne4 Bxe4 38. fxe4+ Kxe4 39. Kd2 bxa3 40.
bxa3 a4 41. Be1 Kf4 42. Ke2 Kg4 43. Ke3 Bg3 44. Bxg3 Kxg3 45. Ke4 Kxg2 0-1